000 00367nam a22001457a 4500
005 20250522093553.0
008 250522b |||||||| |||| 00| 0 eng d
020 _aHB171
_q.5 SLO
100 _aSloman, John
245 _aEconomics for business
260 _aLondon
_bPearson Education
_cc1998
300 _axvi, 607p
700 _aSutcliffe, Mark
942 _2lcc
_cBK
_n0
999 _c5906
_d5906